|
|
|
|
| LEADER |
00000cam a2200000 7i4500 |
| 001 |
0000022705 |
| 005 |
20080806.0 |
| 008 |
080805 |
| 020 |
|
|
|a 9867349507
|
| 090 |
0 |
0 |
|a 646.78
|b GRA
|
| 100 |
1 |
|
|a Gray, John
|
| 245 |
1 |
0 |
|a Men are from Mars, women are from Venus: A practical guide for improving communication and getting what you want in your relationship (Chinese)
|c John Gray
|
| 260 |
|
|
|a China :
|b Life potential Publications ,
|c 2007
|
| 650 |
|
0 |
|a Communication in marriage
|
| 650 |
|
0 |
|a Interpersonal relations
|
| 650 |
|
0 |
|a Marriage
|
| 999 |
|
|
|a 0001036674
|b Book
|c Chinese Collection
|e Perbadanan Perpustakaan Awam Johor
|